Normal view MARC view

Entry Personal Name

Number of records used in: 2

001 - CONTROL NUMBER

  • control field: 44904

003 - CONTROL NUMBER IDENTIFIER

  • control field: dpl

005 - DATE AND TIME OF LATEST TRANSACTION

  • control field: 20120410141340.0

008 - FIXED-LENGTH DATA ELEMENTS

  • fixed length control field: 120410|||a|||||| | ||| d

040 ## - CATALOGING SOURCE

  • Original cataloging agency: dpl
  • Transcribing agency: dpl

100 ## - HEADING--PERSONAL NAME

  • Personal name: प्रेमलता

670 ## - SOURCE DATA FOUND

  • Source citation: Work cat.: (dpl): प्रेमलता, विधि व्यवस्था का यथार्थ /, 1993

670 ## - SOURCE DATA FOUND

  • Source citation: Work cat.: (dpl): प्रेमलता, विधि व्यवस्था का यथार्थ /, 1993

© Delhi Public Library
Hit Counter
free hit counter